Same Named Celebrities by Picture III Quiz Stats

 Plays Quiz Updated Aug 9, 2016

Score 0/15 Timer 04:00
4 Plays Today
% Correct
Williams (Robin & Brian)
96.4%
Foxx (Jamie & Redd)
88.3%
Hepburn (Audrey & Katharine)
86.8%
Simpson (Jessica & Cody)
86.3%
Sanders (Harland & Bernie)
86.2%
Hendrix (Jimi & Elaine)
83.7%
Olsen (Mary-Kate & Susan)
81.4%
Richards (Keith & Denise)
69.3%
% Correct
Crawford (Cindy & Joan)
66.7%
Rooney (Andy & Mickey)
59.8%
McQueen (Steve & Steve)
54.3%
Cameron (Kirk & James)
51.7%
Daniels (Jeff & Lee)
49.7%
Channing (Stockard & Carol)
45%
Morris (Julian & Heather)
9.8%

You're not logged in!

Compare scores with friends on all Sporcle quizzes.
Join for Free
OR
Log In

You Might Also Like...

Show Comments

Extras

Top Quizzes Today


Score Distribution

Your Account Isn't Verified!

In order to create a playlist on Sporcle, you need to verify the email address you used during registration. Go to your Sporcle Settings to finish the process.

Report this User

Report this user for behavior that violates our Community Guidelines.

Details: